000 00344nam a22001337a 4500
008 190223b xxu||||| |||| 00| 0 eng d
020 _a9780195101072
041 _aeng
080 _a159.9
100 _a49
101 _aPSI
245 _aThe Adapted Mind. Evolutionary Psychology and the Generation of Culture
_cBarkow, J,H
942 _2udc
_cBK
999 _c54154
_d54154